Statistics for NHL Hockey Scoring Champs Quiz

Click here to take the quiz!

General Stats

  • This quiz has been taken 24,208 times
    (3,390 since last reset)
  • The average score is 11 of 22

Answer Stats

Years Player % Correct
1981, 1982, 1983, 1984, 1985, 1986, 1987, 1990, 1991, 1994Wayne Gretzky
98%
2007, 2014Sidney Crosby
86%
2008Alex Ovechkin
79%
1988, 1989, 1992, 1993, 1996, 1997Mario Lemieux
77%
2017, 2018Connor McDavid
64%
1995, 1998, 1999, 2000, 2001Jaromir Jagr
62%
1970, 1975Bobby Orr
58%
2016Patrick Kane
56%
2019Nikita Kucherov
56%
2009, 2012Evgeni Malkin
54%
2004, 2013Martin St. Louis
40%
2011Daniel Sedin
39%
2010Henrik Sedin
39%
1969, 1971, 1972, 1973, 1974Phil Esposito
37%
1976, 1977, 1978Guy Lafleur
37%
2006Joe Thornton
36%
2015Jamie Benn
34%
2003Peter Forsberg
33%
2002Jarome Iginla
32%
1980Marcel Dionne
25%
1979Bryan Trottier
23%
1968Stan Mikita
21%

Score Distribution

Percentile by Number Answered

Percent of People with Each Score

Your Score History

You have not taken this quiz since the last reset